Tránsitos y apropiaciones : antología de narrativa argentina contemporánea /

Claudia Piñeiro seleccionó en esta antología narrativa a 17 autores argentinos activos en la segunda década del siglo XXI, cada uno de los cuales a su vez eligió su creación a ser incluida: Hebe Uhart (1936-2018), Luisa Valenzuela, Ricardo Piglia (1941-2017), Liliana Heker, Mempo Giardinelli, Guille...

وصف كامل

محفوظ في:
التفاصيل البيبلوغرافية
المؤلف الرئيسي: Piñeiro, Claudia (selección)
التنسيق: كتاب
اللغة:الإسبانية
منشور في: México : UNAM, Coordinación de Difusión Cultural, 2014, c2014
سلاسل:(Textos de Difusión Cultural. Antologías)
الموضوعات:
الوسوم: إضافة وسم
لا توجد وسوم, كن أول من يضع وسما على هذه التسجيلة!

MARC

LEADER 00000nam^a2200000^a^4500
001 000349493
005 20250521000000.0
009 20260310114912.558
020 |a 978-607-02-5636-3 
020 |a 968-36-3756-6 
037 |a Acervo ITESO - Biblioteca 
041 |a ESP 
082 |a 863.  |b PIÑ 
100 |a Piñeiro, Claudia  |e (selección) 
245 1 0 |a Tránsitos y apropiaciones :  |b antología de narrativa argentina contemporánea /  |c Selec. y pról. de C. Piñeiro. 
264 4 |a México :  |b UNAM, Coordinación de Difusión Cultural,  |c 2014, c2014 
300 |a 226 p. 
336 |a texto  |b txt  |2 rdacontenido 
337 |a sin mediación  |b n  |2 rdamedio 
338 |a volumen  |b nc  |2 rdasoporte 
440 1 |a (Textos de Difusión Cultural.  |p Antologías) 
520 |a Claudia Piñeiro seleccionó en esta antología narrativa a 17 autores argentinos activos en la segunda década del siglo XXI, cada uno de los cuales a su vez eligió su creación a ser incluida: Hebe Uhart (1936-2018), Luisa Valenzuela, Ricardo Piglia (1941-2017), Liliana Heker, Mempo Giardinelli, Guillermo Saccomanno, Martín Caparrós, Claudia Piñeiro, Esther Cross, Jorge Consiglio, Guillermo Martínez, Martín Kohan, Sergio S. Olguín, Mariana Enríquez, Hernán Ronsino, Samanta Schweblin y Mauro Libertella. El grupo de autores presenta una composición intergeneracional, con autores nacidos entre 1936 y 1983, y los relatos fueron publicados y/o creados durante los años 1999-2014. 
521 |a FIL 2014 Centro de Formación Humana 
545 0 |a Claudia Piñeiro (Buenos Aires, 1960), escritora argentina. Una de las voces más apreciadas, tanto por la crítica como por los lectores, de la literatura argentina de inicios del siglo XXI, es autora de una narrativa regida por interrogantes éticas, a la vez que renovadora de géneros como la novela policíaca. Formada como contadora, inicia su trayectoria literaria con la novela inédita El secreto de las rubias, finalista del Premio de literatura erótica La Sonrisa Vertical (1991), y publica una década después sus primeros libros, dirigidos a lectores niños y adolescentes: Serafín, el escritor y la bruja (2000) y Un ladrón entre nosotros (2004, Premio Latinoamericano de Literatura Infantil y Juvenil 2005). Las viudas de los jueves (2005, Premio Clarín de Novela) –llevada al cine por Marcelo Piñeyro en una popular película (2009)-, la muy elogiada Elena sabe (2006), Las grietas de Jara (2009, Premio Sor Juana Inés de la Cruz 2010) y la autobiográfica Un comunista en calzoncillos (2013) han situado su posición en la novelística de lengua española. Cuánto vale una heladera (2004) y Un mismo árbol verde (2006, Premio de la Asociación de Cronistas del Espectáculo 2007) figuran entre las obras teatrales de Piñeiro, quien es colaboradora del Suplemento Literario Télam, de la agencia de noticias del mismo nombre. 
649 |a XX 
650 |a Cuentos Argentinos 
650 |a Literatura Argentina -  |y Siglo XXI 
910 |a Fondo General 
920 |a Impresos - Libros 
930 |a Colección General 
940 |a Literatura 
905 |a 101 
901 |a 0500239494  |b IT1  |c LIT  |i C143931  |u 20250521 
902 |a https://opac.biblio.iteso.mx/vufind/Record/000349493